000 00589nam a22002297a 4500
003 UA-OsUOA
001 91379
007 ta
008 20121128b un ||||| |||| 00| 0 ukr d
100 _aГенрі
090 _a821.111
_bГ34
942 _cBK
040 _aUA-OsUOA
_bukr
_cUA-OsUOA
_dUA-OsUOA
245 _aКоролі і капуста
300 _a170 с.
955 _a3
041 _aukr
080 _a821.111
260 _aК.
_bХудож. літератури
_c1962
650 7 _a82 Література. Літературознавство
_2UDC
999 _c377634
_d377634